000 00686cam a2200229 a 4500
001 15426146
005 20180314061047.0
008 080825s2009 mauab 001 0 eng
010 _a 2008037273
020 _a9780073530437 (alk. paper)
020 _a0073530433 (alk. paper)
040 _aDLC
_cDLC
_dDLC
041 _aeng
080 _a658 gar
082 0 0 _a658 gar
_222
100 1 _a54
101 _aman
245 1 0 _aContemporary management /
_cGareth R. Jones, Jennifer M. George.
906 _a7
_bcbc
_corignew
_d1
_eecip
_f20
_gy-gencatlg
942 _2ddc
_cBK
999 _c44998
_d44998